Statistics for U.S. General Knowledge True or False

Click here to take the quiz!

General Stats

  • This quiz has been taken 13,185 times
  • The average score is 10 of 15

Answer Stats

QuestionAnswer% Correct
The White House is the largest office building in the United StatesFalse
89%
The two most populous cities in Pennsylvania both start with the letter PTrue
88%
Florida was one of the original 13 coloniesFalse
86%
Michael Jordan took a break from his NBA career to play minor league baseballTrue
86%
The lyrics of the Star-Spangled Banner celebrate the battle of Iwo Jima during WWIIFalse
85%
Neil Armstrong walked on the moon the same year as the Woodstock Music FestivalTrue
81%
Henry Ford invented the automobileFalse
71%
The Boy Scouts offer a merit badge in rifle shootingTrue
71%
Bill Clinton was the first President from the Baby Boomer generationTrue
71%
The best-selling vehicle in the United States is the Ford F-150 truckTrue
69%
The U.S. has invaded CubaTrue
68%
Ulysses S. Grant had a brother named Achilles S. Grant who was also a Civil War generalFalse
58%
Stanford is in the Ivy LeagueFalse
55%
Germany had a colony in what is today central WisconsinFalse
46%
It has snowed in Minneapolis in JulyFalse
19%

Score Distribution

Percentile by Number Answered

Percent of People with Each Score

Your Score History

You have not taken this quiz